[Event "Langenfelder SF 1 - SF Lieme 1"]
[Site "NRW-Liga - Gruppe 1 2021/2022"]
[Date "2022.04.10"]
[Round "8.3"]
[White "Himpenmacher, Andy"]
[Black "Vogelmann, Peter"]
[Result "1-0"]
[WhiteElo "2148"]
[BlackElo "2098"]
[Annotator "daniel"]
[PlyCount "87"]
[EventDate "2022.??.??"]
[SourceVersionDate "2020.03.16"]
[WhiteTeam "SF Lieme 1"]
[BlackTeam "Langenfelder SF 1"]

1. Nf3 Nf6 2. b3 g6 3. Bb2 Bg7 4. e3 c5 5. Be2 O-O 6. c4 Nc6 7. O-O b6 8. d4
cxd4 9. Nxd4 Bb7 10. Bf3 a6 11. Nc3 Qc7 12. Rc1 Nxd4 13. exd4 Rac8 14. Re1 Rfe8
15. a4 d6 16. d5 Rb8 17. Ne2 e5 18. dxe6 fxe6 19. Bxb7 Rxb7 20. Ba3 Bf8 21. Qd3
Rbb8 22. Rcd1 Rbd8 23. Nf4 Qf7 $11 24. Qh3 e5 25. Nd5 Nxd5 26. Rxd5 Re6 27. Qe3
Qc7 28. Red1 Rf6 29. g3 Be7 30. R1d2 Rdf8 31. Kg2 h5 32. h4 R8f7 33. Qd3 Qc6
34. Kg1 Kh7 35. Bxd6 Rf3 36. Qc2 Bxh4 37. Rxe5 Bf6 38. Rxh5+ Kg7 39. Rhd5 Qe8
40. Re2 Qc8 41. Be5 Qh3 42. Rd6 Bxe5 43. Qxg6+ Kf8 44. Rxe5 1-0

[Event "Langenfelder SF 1 - SF Lieme 1"]
[Site "NRW-Liga - Gruppe 1 2021/2022"]
[Date "2022.04.10"]
[Round "8.4"]
[White "Huelsmann, Josef"]
[Black "Bentel, Robin"]
[Result "1/2-1/2"]
[WhiteElo "2140"]
[BlackElo "2232"]
[PlyCount "125"]
[EventDate "2022.??.??"]
[SourceVersionDate "2020.03.16"]
[WhiteTeam "Langenfelder SF 1"]
[BlackTeam "SF Lieme 1"]

1. d4 Nf6 2. Bg5 Ne4 3. Bf4 d5 4. Nd2 Bf5 5. e3 e6 6. Bd3 Nf6 7. Bxf5 exf5 8.
Ne2 Bd6 9. O-O O-O 10. c4 dxc4 11. Nxc4 Bxf4 12. Nxf4 Nbd7 13. Qc2 g6 14. Rfd1
Qe7 15. Na5 Rab8 16. Rac1 Rfc8 17. Nb3 Ne4 18. Nd3 Ndf6 19. Nbc5 h5 20. a3 h4
21. h3 Nd6 22. Ne5 Kh8 23. b4 Rg8 24. Ncd3 c6 25. Nc4 Nde4 26. Nd2 g5 27. Nxe4
Nxe4 28. Nc5 Nd6 29. Qe2 Rg7 30. Kh1 g4 31. Nd3 Ne4 32. Nf4 Rbg8 33. Kh2 Nxf2
34. Rf1 Ne4 35. b5 Ng3 36. Qd3 gxh3 37. Rf3 hxg2 38. bxc6 bxc6 39. Nxg2 Qe4 40.
Qxe4 fxe4 41. Rf4 Nf5 42. Rxf5 Rxg2+ 43. Kh3 R2g3+ 44. Kxh4 R8g4+ 45. Kh5 Rg7
46. Kh4 Rxe3 47. Rxc6 Rh7+ 48. Kg4 Rxa3 49. Rc8+ Kg7 50. Re8 Rh6 51. Rxe4 Rg6+
52. Kf4 Ra1 53. d5 a5 54. Ke5 a4 55. Ref4 f6+ 56. Ke6 a3 57. Ra4 a2 58. Ra7+
Kg8 59. Ra8+ Kh7 60. Kf7 Rg7+ 61. Kxf6 Rg6+ 62. Kf7 Rg7+ 63. Kf6 1/2-1/2

[Event "Langenfelder SF 1 - SF Lieme 1"]
[Site "NRW-Liga - Gruppe 1 2021/2022"]
[Date "2022.04.10"]
[Round "8.5"]
[White "Wolf, Andre"]
[Black "Pejkovic, Patrick Slavko"]
[Result "1-0"]
[WhiteElo "2087"]
[BlackElo "2058"]
[PlyCount "93"]
[EventDate "2022.??.??"]
[SourceVersionDate "2020.03.16"]
[WhiteTeam "SF Lieme 1"]
[BlackTeam "Langenfelder SF 1"]

1. e4 c6 2. c4 d5 3. exd5 cxd5 4. cxd5 Nf6 5. Nc3 Nxd5 6. Nf3 Nc6 7. Bc4 e6 8.
d4 Be7 9. O-O O-O 10. Re1 Bf6 11. Ne4 Be7 12. a3 Nf6 13. Nc3 b6 14. Bg5 Bb7 15.
Qd3 Rc8 16. Rad1 Nb8 17. Ne5 Nd5 18. Bxd5 Rxc3 19. Qxc3 Qxd5 20. Qg3 Bxg5 21.
Qxg5 f6 22. Qg4 fxe5 23. Rxe5 Qc6 24. Qxe6+ Qxe6 25. Rxe6 Nc6 26. d5 Rd8 27.
Ree1 Na5 28. Re7 Kf8 29. Rc7 Bxd5 30. Rxa7 Rc8 31. h3 Be6 32. Rd6 Nc6 33. Rb7
Nd8 34. Rbxb6 Ke7 35. a4 Rc1+ 36. Kh2 Ra1 37. Rxd8 Kxd8 38. Rxe6 Rxa4 39. b3
Ra2 40. Kg3 Rb2 41. Re3 Kd7 42. f4 h5 43. h4 g6 44. Kf3 Rb1 45. g3 Rd1 46. Ke4
Ke6 47. b4 1-0

[Event "Langenfelder SF 1 - SF Lieme 1"]
[Site "NRW-Liga - Gruppe 1 2021/2022"]
[Date "2022.04.10"]
[Round "8.6"]
[White "Reinemer, Frank"]
[Black "Krallmann, Matthias"]
[Result "1-0"]
[WhiteElo "2083"]
[BlackElo "2120"]
[PlyCount "165"]
[EventDate "2022.??.??"]
[SourceVersionDate "2020.03.16"]
[WhiteTeam "Langenfelder SF 1"]
[BlackTeam "SF Lieme 1"]

1. d4 d5 2. c4 dxc4 3. e4 Nc6 4. Be3 Nf6 5. Nc3 e5 6. d5 Na5 7. Bxc4 Nxc4 8.
Qa4+ Bd7 9. Qxc4 a6 10. a3 Bd6 11. Nge2 Ng4 12. Qd3 Nxe3 13. Qxe3 Qe7 14. O-O
O-O 15. Ng3 Bc5 16. Qd3 g6 17. Kh1 Qh4 18. f3 Rae8 19. Qc4 Bd6 20. Qe2 f5 21.
Qf2 f4 22. Nge2 Qh5 23. g4 fxg3 24. Nxg3 Qh4 25. Nce2 Rf6 26. Ng1 Ref8 27. Qg2
Kh8 28. Rac1 c6 29. Rfd1 Bb8 30. Rc3 Ba7 31. Rcd3 cxd5 32. Rxd5 Ba4 33. R1d3
Bb5 34. Rb3 Bxg1 35. Rdxb5 axb5 36. Kxg1 Rb6 37. Qf2 Qd8 38. Kg2 Rff6 39. Qc5
Qd2+ 40. Kh3 Qd7+ 41. Kg2 Qc6 42. Qe3 Rd6 43. Rc3 Qd7 44. Qc5 Rd2+ 45. Kh1 Rd1+
46. Kg2 Qd2+ 47. Kh3 Qd7+ 48. Nf5 Rf6 49. Qxe5 Rdd6 50. Rc7 Qd8 51. Nxd6 Qxd6
52. Qxd6 Rxd6 53. Rxb7 Rd3 54. Rxb5 Rxf3+ 55. Kg4 Re3 56. Kf4 Rh3 57. a4 Rxh2
58. a5 Rh4+ 59. Ke3 Rh1 60. a6 Ra1 61. Rb6 Kg7 62. b4 h5 63. Kf4 Rf1+ 64. Kg3
Rg1+ 65. Kh2 Ra1 66. b5 g5 67. Rc6 Ra2+ 68. Kg3 Ra3+ 69. Kg2 Ra2+ 70. Kf3 Ra3+
71. Kf2 Ra2+ 72. Ke3 Ra3+ 73. Kd4 h4 74. b6 Rxa6 75. b7 Rxc6 76. b8=Q Rg6 77.
Qe5+ Kf7 78. Qf5+ Kg7 79. e5 g4 80. e6 g3 81. e7 g2 82. Qxg6+ Kxg6 83. e8=Q+
1-0

[Event "Langenfelder SF 1 - SF Lieme 1"]
[Site "NRW-Liga - Gruppe 1 2021/2022"]
[Date "2022.04.10"]
[Round "8.7"]
[White "Schaffarczyk, Andre"]
[Black "Wolfradt, Dirk"]
[Result "1-0"]
[WhiteElo "2105"]
[BlackElo "2040"]
[PlyCount "51"]
[EventDate "2022.??.??"]
[SourceVersionDate "2020.03.16"]
[WhiteTeam "SF Lieme 1"]
[BlackTeam "Langenfelder SF 1"]

1. e4 Nf6 2. e5 Nd5 3. d4 d6 4. c4 Nb6 5. f4 dxe5 6. fxe5 c5 7. d5 e6 8. Nc3
exd5 9. cxd5 c4 10. Nf3 Bg4 11. Qd4 Bxf3 12. gxf3 Bb4 13. Bxc4 O-O 14. Be3 N8d7
15. Bd3 Qe7 16. f4 Bc5 17. Qe4 Qh4+ 18. Ke2 Rfe8 19. Rag1 Rad8 20. Rg3 Nf6 21.
Qg2 Bxe3 22. Rxg7+ Kh8 23. exf6 Bd4+ 24. Kd1 Nxd5 25. Nxd5 Qh5+ 26. Kc2 1-0

[Event "Langenfelder SF 1 - SF Lieme 1"]
[Site "NRW-Liga - Gruppe 1 2021/2022"]
[Date "2022.04.10"]
[Round "8.8"]
[White "Hess, Dennis"]
[Black "Hueck, Marvin Constantin"]
[Result "0-1"]
[WhiteElo "1920"]
[BlackElo "1910"]
[PlyCount "80"]
[EventDate "2022.??.??"]
[SourceVersionDate "2020.03.16"]
[WhiteTeam "Langenfelder SF 1"]
[BlackTeam "SF Lieme 1"]

1. e4 e6 2. d4 d5 3. exd5 exd5 4. c4 Nf6 5. Nc3 Be7 6. cxd5 Nxd5 7. Bc4 Nxc3 8.
bxc3 O-O 9. Qf3 c5 10. d5 Nd7 11. Bf4 Nb6 12. Bd3 Nxd5 13. Rd1 Nxf4 14. Bxh7+
Kxh7 15. Rxd8 Nxg2+ 16. Qxg2 Bxd8 17. Qe4+ g6 18. Ne2 Bf6 19. O-O Bh3 20. Rd1
Rad8 21. Rxd8 Rxd8 22. f3 b6 23. Qf4 Kg7 24. Kf2 Rd1 25. a4 Ra1 26. Qc4 Be6 27.
Qb5 Ra2 28. Ke3 Rc2 29. a5 Bxc3 30. axb6 axb6 31. Qxb6 Bf6 32. Qb1 Rb2 33. Qc1
c4 34. h4 Rb3+ 35. Kf4 Bxh4 36. Nd4 Bd5 37. Nxb3 cxb3 38. Qb2+ Bf6 39. Qb1 b2
40. Ke3 Be6 0-1

[Event "SF Essen-Werden 1 - Elberfelder SG 1"]
[Site "NRW-Liga - Gruppe 1 2021/2022"]
[Date "2022.04.10"]
[Round "8.1"]
[White "Odendahl, Reiner"]
[Black "Kaufeld, Juergen"]
[Result "1/2-1/2"]
[WhiteElo "2280"]
[BlackElo "2271"]
[PlyCount "105"]
[EventDate "2022.??.??"]
[SourceVersionDate "2020.03.16"]
[WhiteTeam "Elberfelder SG 1"]
[BlackTeam "SF Essen-Werden 1"]

1. Nf3 Nf6 2. g3 d5 3. Bg2 e6 4. O-O c5 5. c4 d4 6. e3 Nc6 7. exd4 cxd4 8. d3
Bc5 9. a3 a5 10. Bg5 h6 11. Bxf6 gxf6 12. Nbd2 h5 13. Rc1 a4 14. Re1 Kf8 15. h4
f5 16. Ng5 Qf6 17. Qe2 Ra6 18. Nh3 Qh6 19. Nf3 Be7 20. Ne5 Bf6 21. Nxc6 bxc6
22. c5 Bd7 23. Rc4 Kg7 24. Rb4 Ra5 25. Qc2 Rg8 26. Ng5 Qh8 27. Qc4 Rb8 28. Rxa4
Rxa4 29. Qxa4 Rxb2 30. Bxc6 Bxc6 31. Qxc6 Bxg5 32. hxg5 h4 33. Qd6 Kg6 34. Rc1
h3 35. c6 h2+ 36. Kg2 Rc2 37. Rh1 Qc8 38. Qxd4 Qxc6+ 39. Kxh2 e5 40. Qe3 Qd6
41. Rb1 Qd4 42. Rb6+ Kg7 43. Qxd4 exd4 44. Rd6 Rxf2+ 45. Kh3 Ra2 46. Rxd4 Kg6
47. a4 Kxg5 48. Rb4 Ra3 49. Rd4 Ra2 50. Rb4 Ra3 51. a5 Rxa5 52. Kg2 Rd5 53. Rb7
1/2-1/2

[Event "SF Essen-Werden 1 - Elberfelder SG 1"]
[Site "NRW-Liga - Gruppe 1 2021/2022"]
[Date "2022.04.10"]
[Round "8.2"]
[White "Kauch, Markus"]
[Black "Hintze, Helge"]
[Result "0-1"]
[WhiteElo "2142"]
[BlackElo "2259"]
[PlyCount "76"]
[EventDate "2022.??.??"]
[SourceVersionDate "2020.03.16"]
[WhiteTeam "SF Essen-Werden 1"]
[BlackTeam "Elberfelder SG 1"]

1. d4 Nf6 2. Bg5 g6 3. Bxf6 exf6 4. e3 d5 5. g3 c6 6. Bg2 Bd6 7. Ne2 Nd7 8. Nd2
f5 9. c4 dxc4 10. Nxc4 Be7 11. O-O Nf6 12. Qd3 O-O 13. a3 Nd5 14. Rad1 Be6 15.
b4 Qc7 16. f3 Rad8 17. e4 Nb6 18. Ne3 Bg5 19. f4 fxe4 20. Bxe4 Bf6 21. f5 Bd5
22. Ng4 Rd6 23. Nf4 Bc4 24. Nxf6+ Rxf6 25. Qe3 Bxf1 26. Nh5 Nd7 27. Nxf6+ Nxf6
28. Rxf1 Qe7 29. Qg5 h6 30. Qh4 Kg7 31. fxg6 fxg6 32. Bb1 g5 33. Qh3 Qe3+ 34.
Kh1 Qxd4 35. Qf5 Qd5+ 36. Qxd5 Nxd5 37. Re1 Kf6 38. Kg2 Rd8 0-1

[Event "SF Essen-Werden 1 - Elberfelder SG 1"]
[Site "NRW-Liga - Gruppe 1 2021/2022"]
[Date "2022.04.10"]
[Round "8.3"]
[White "Dresen, Ulrich"]
[Black "Roth, Markus"]
[Result "1-0"]
[WhiteElo "2175"]
[BlackElo "2170"]
[PlyCount "105"]
[EventDate "2022.??.??"]
[SourceVersionDate "2020.03.16"]
[WhiteTeam "Elberfelder SG 1"]
[BlackTeam "SF Essen-Werden 1"]

1. d4 d5 2. Nf3 Nf6 3. g3 e6 4. Bg2 Be7 5. O-O O-O 6. c4 dxc4 7. Qa4 Bd7 8.
Qxc4 Bc6 9. Nc3 Nbd7 10. Bg5 h6 11. Bxf6 Nxf6 12. Rac1 Rb8 13. Rfd1 Qe8 14. e3
b5 15. Qe2 Rb6 16. Ne5 Bxg2 17. Kxg2 Bd6 18. Nd3 e5 19. dxe5 Bxe5 20. Nxe5 Qxe5
21. Qf3 b4 22. Na4 Ra6 23. b3 Ne4 24. Rd4 Nc3 25. Nxc3 bxc3 26. a4 Rf6 27. Qd5
Qe7 28. Rxc3 Rb8 29. Rdc4 Rd8 30. Qe4 Qd7 31. Rd4 Qc8 32. Rxd8+ Qxd8 33. Rd3
Qc8 34. f4 g6 35. Qe7 Rd6 36. Rxd6 cxd6 37. Qe4 a5 38. Qc4 Qg4 39. Qc2 h5 40.
h3 Qe6 41. Qd3 Qf6 42. g4 hxg4 43. hxg4 Qb2+ 44. Kf3 Qc1 45. g5 d5 46. Ke2 Qb2+
47. Kd1 Qa1+ 48. Kd2 Qb2+ 49. Qc2 Qa3 50. Qc8+ Kg7 51. Qc3+ Kg8 52. Kc2 Qe7 53.
Qxa5 1-0

[Event "SF Essen-Werden 1 - Elberfelder SG 1"]
[Site "NRW-Liga - Gruppe 1 2021/2022"]
[Date "2022.04.10"]
[Round "8.4"]
[White "Berger, Konstantin"]
[Black "Volkov, Mykyta"]
[Result "1/2-1/2"]
[WhiteElo "2090"]
[BlackElo "2189"]
[PlyCount "135"]
[EventDate "2022.??.??"]
[SourceVersionDate "2020.03.16"]
[WhiteTeam "SF Essen-Werden 1"]
[BlackTeam "Elberfelder SG 1"]

1. e4 e6 2. d4 d5 3. Nd2 Nf6 4. e5 Nfd7 5. Bd3 c5 6. c3 Nc6 7. Ne2 cxd4 8. cxd4
f6 9. exf6 Nxf6 10. O-O Bd6 11. Nf3 O-O 12. Bf4 Bxf4 13. Nxf4 Ng4 14. Qd2 Qf6
15. Nh5 Qh6 16. Qxh6 Nxh6 17. Rac1 g6 18. Ng3 a6 19. Rfe1 Nf7 20. Nf1 Nd6 21.
Ne3 Rf4 22. Nc2 Nf7 23. Re3 g5 24. g3 Rf6 25. a3 Bd7 26. Nb4 a5 27. Nxc6 Bxc6
28. h4 h6 29. hxg5 hxg5 30. Ne5 Nxe5 31. Rxe5 Kf7 32. Rxg5 Rh8 33. Kg2 Rfh6 34.
b4 Rh2+ 35. Kf3 axb4 36. axb4 Ke7 37. Ke3 Kd6 38. b5 Bd7 39. Ra1 Rf8 40. Ra2
Rf7 41. Rg8 Kc7 42. Rc2+ Kb6 43. Rg6 Rh1 44. Rc5 Ka7 45. f4 b6 46. Rc7+ Kb8 47.
Rc2 Kb7 48. Ra2 Re1+ 49. Kf2 Rd1 50. Ke2 Rh1 51. Kf3 Rd1 52. Ke2 Rh1 53. Ke3
Re1+ 54. Re2 Ra1 55. Rg8 Ra3 56. Rb2 Kc7 57. g4 Rh7 58. Kd2 Rh2+ 59. Be2 Bxb5
60. Rxb5 Ra2+ 61. Kc3 Raxe2 62. Rb1 Rc2+ 63. Kb4 Rhd2 64. Re1 Rb2+ 65. Kc3 b5
66. Rg7+ Kc8 67. Rg8+ Kc7 68. Rg7+ 1/2-1/2

[Event "SF Essen-Werden 1 - Elberfelder SG 1"]
[Site "NRW-Liga - Gruppe 1 2021/2022"]
[Date "2022.04.10"]
[Round "8.5"]
[White "Noetzel, Frank"]
[Black "ter Steeg, Marcus"]
[Result "1/2-1/2"]
[WhiteElo "2219"]
[BlackElo "1998"]
[PlyCount "81"]
[EventDate "2022.??.??"]
[SourceVersionDate "2020.03.16"]
[WhiteTeam "Elberfelder SG 1"]
[BlackTeam "SF Essen-Werden 1"]

1. f4 d5 2. d3 g6 3. Nf3 Bg7 4. g3 Nf6 5. Bg2 b6 6. O-O Bb7 7. Ne5 Nfd7 8. Nxd7
Nxd7 9. Nc3 e6 10. Qe1 O-O 11. e4 dxe4 12. dxe4 e5 13. f5 a5 14. Be3 Qe7 15. a3
Nf6 16. h3 Ne8 17. g4 f6 18. Rd1 Nd6 19. Nd5 Bxd5 20. Rxd5 a4 21. Qc3 Rfd8 22.
Rfd1 Bf8 23. Qc6 Qd7 24. Qc3 Kg7 25. g5 Be7 26. gxf6+ Bxf6 27. Bxb6 cxb6 28.
Rxd6 Qe7 29. Qd3 Rxd6 30. Qxd6 Rd8 31. Qxe7+ Bxe7 32. Rxd8 Bxd8 33. fxg6 Kxg6
34. Kf2 Bg5 35. b3 axb3 36. cxb3 Bc1 37. a4 Kf6 38. Bf3 Ke7 39. Ke2 Kd6 40. Kd3
Kc5 41. Bg4 1/2-1/2

[Event "SF Essen-Werden 1 - Elberfelder SG 1"]
[Site "NRW-Liga - Gruppe 1 2021/2022"]
[Date "2022.04.10"]
[Round "8.6"]
[White "Huette, Stefan"]
[Black "Kurr, Gerd"]
[Result "1/2-1/2"]
[WhiteElo "2008"]
[BlackElo "2116"]
[Annotator "daniel"]
[PlyCount "66"]
[EventDate "2022.??.??"]
[SourceVersionDate "2020.03.16"]
[WhiteTeam "SF Essen-Werden 1"]
[BlackTeam "Elberfelder SG 1"]

1. e4 c6 2. d4 d5 3. exd5 cxd5 4. Bd3 Nc6 5. c3 Nf6 6. Bf4 Bg4 7. Qb3 Qc8 8.
Nd2 e6 9. h3 Bh5 10. Ngf3 Be7 11. O-O O-O 12. Rfe1 a6 13. Rac1 b5 14. Ne5 Nxe5
15. dxe5 Nd7 16. Qc2 Bg6 17. Nb3 Nc5 18. Nxc5 Bxc5 19. Bxg6 hxg6 20. Be3 $11
Rd8 21. Qd2 Ra7 22. Bxc5 Qxc5 23. Qd4 Rc7 24. Rcd1 Qxd4 25. Rxd4 Rdc8 26. Red1
Rc4 27. Rxc4 Rxc4 28. Rd4 g5 29. Rxc4 bxc4 30. Kf1 f6 31. exf6 gxf6 32. b4 cxb3
33. axb3 Kf7 1/2-1/2

[Event "SF Essen-Werden 1 - Elberfelder SG 1"]
[Site "NRW-Liga - Gruppe 1 2021/2022"]
[Date "2022.04.10"]
[Round "8.7"]
[White "Tymura, Achim"]
[Black "Rehfeldt, Jens"]
[Result "0-1"]
[WhiteElo "2036"]
[BlackElo "1977"]
[PlyCount "48"]
[EventDate "2022.??.??"]
[SourceVersionDate "2020.03.16"]
[WhiteTeam "Elberfelder SG 1"]
[BlackTeam "SF Essen-Werden 1"]

1. c4 b6 2. Nc3 Bb7 3. e4 e6 4. Nf3 Bb4 5. Bd3 Nf6 6. e5 Ng4 7. O-O Nc6 8. Qe2
d6 9. exd6 Qxd6 10. Nb5 Qd7 11. h3 Nf6 12. b3 a6 13. Nc3 O-O-O 14. Bc2 Nd4 15.
Nxd4 Qxd4 16. Qe3 Qxe3 17. fxe3 Bxc3 18. dxc3 Rd7 19. Bb2 Rd2 20. Rf2 Rhd8 21.
Raf1 Be4 22. Bxe4 Nxe4 23. Rxd2 Rxd2 24. Bc1 Rxa2 0-1

[Event "SF Essen-Werden 1 - Elberfelder SG 1"]
[Site "NRW-Liga - Gruppe 1 2021/2022"]
[Date "2022.04.10"]
[Round "8.8"]
[White "Mohnke, Martin"]
[Black "Werbeck, Torsten"]
[Result "1-0"]
[WhiteElo "1915"]
[BlackElo "1943"]
[PlyCount "59"]
[EventDate "2022.??.??"]
[SourceVersionDate "2020.03.16"]
[WhiteTeam "SF Essen-Werden 1"]
[BlackTeam "Elberfelder SG 1"]

1. d4 Nf6 2. Nf3 g6 3. c4 c5 4. Nc3 cxd4 5. Nxd4 Bg7 6. e4 d6 7. Be2 O-O 8. Be3
Nc6 9. O-O Ng4 10. Bxg4 Bxg4 11. Nxc6 Bxd1 12. Nxd8 Bc2 13. Nxb7 Rfb8 14. Rac1
Bd3 15. Rfd1 Bxc3 16. Rxc3 Bxe4 17. Na5 Rxb2 18. a3 Rc8 19. Rdc1 Rc7 20. f3 Bf5
21. Nb3 Rb7 22. Nd4 Bd7 23. R3c2 e5 24. Nb5 Rxc2 25. Rxc2 Bxb5 26. cxb5 Rxb5
27. Bh6 f6 28. Rc7 a5 29. Rg7+ Kh8 30. Rf7 1-0

[Event "SG Bünde 1 - Düsseldorfer SK 2"]
[Site "NRW-Liga - Gruppe 1 2021/2022"]
[Date "2022.04.10"]
[Round "8.1"]
[White "von Buenau, Heinrich"]
[Black "Brunke, Pascal"]
[Result "1-0"]
[WhiteElo "2129"]
[BlackElo "2022"]
[PlyCount "67"]
[EventDate "2022.??.??"]
[SourceVersionDate "2020.03.16"]
[WhiteTeam "Düsseldorfer SK 2"]
[BlackTeam "SG Bünde 1"]

1. c4 e6 2. g3 d5 3. Bg2 Nf6 4. Nf3 Be7 5. O-O O-O 6. d4 c6 7. Nbd2 b6 8. b3
Bb7 9. Bb2 Nbd7 10. Rc1 Rc8 11. e3 Qc7 12. Qe2 Qb8 13. Ne5 dxc4 14. Nxd7 Nxd7
15. bxc4 b5 16. c5 Nf6 17. e4 a5 18. f4 Rcd8 19. g4 Qc8 20. g5 Ne8 21. Bh3 b4
22. Rf3 Nc7 23. Qe3 Qb8 24. Nc4 a4 25. Bg4 f5 26. gxf6 Bxf6 27. Rh3 Bc8 28. Ne5
Bxe5 29. fxe5 Ba6 30. d5 exd5 31. e6 Rde8 32. Qg5 d4 33. Bxd4 g6 34. Qe5 1-0

[Event "SG Bünde 1 - Düsseldorfer SK 2"]
[Site "NRW-Liga - Gruppe 1 2021/2022"]
[Date "2022.04.10"]
[Round "8.3"]
[White "Mueller, Michael"]
[Black "Brunke, Christian"]
[Result "0-1"]
[WhiteElo "2118"]
[BlackElo "2107"]
[PlyCount "78"]
[EventDate "2022.??.??"]
[SourceVersionDate "2020.03.16"]
[WhiteTeam "Düsseldorfer SK 2"]
[BlackTeam "SG Bünde 1"]

1. e4 e5 2. Bc4 Nf6 3. d3 Bc5 4. Nf3 d6 5. c3 Nbd7 6. O-O O-O 7. d4 Bb6 8. Re1
c6 9. Bb3 Re8 10. Nbd2 Nf8 11. h3 Ng6 12. Nc4 Bc7 13. dxe5 dxe5 14. Qxd8 Rxd8
15. Bg5 Be6 16. Bxf6 gxf6 17. Ne3 Nf4 18. Nf5 a5 19. g3 Nd3 20. Re2 a4 21. Bd1
Kf8 22. Rc2 Bb6 23. Kg2 Rd7 24. Ne3 Rad8 25. Re2 Bxe3 26. fxe3 Nxb2 27. Rxb2
Rxd1 28. Rxd1 Rxd1 29. Rxb7 Bxa2 30. Ra7 Bb3 31. Nh4 Ke8 32. Nf5 Kd8 33. Kf2 c5
34. Ke2 Ra1 35. Nd6 a3 36. Nb7+ Kc8 37. Nxc5 Bc4+ 38. Kd2 a2 39. Kc2 Rg1 0-1

[Event "SG Bünde 1 - Düsseldorfer SK 2"]
[Site "NRW-Liga - Gruppe 1 2021/2022"]
[Date "2022.04.10"]
[Round "8.4"]
[White "Altenbernd, Jannis-Domenik"]
[Black "Berndt, Axel"]
[Result "0-1"]
[WhiteElo "1995"]
[BlackElo "2082"]
[Annotator "daniel"]
[PlyCount "146"]
[EventDate "2022.??.??"]
[SourceVersionDate "2020.03.16"]
[WhiteTeam "SG Bünde 1"]
[BlackTeam "Düsseldorfer SK 2"]

1. d4 Nf6 2. c4 c5 3. dxc5 e6 4. Nc3 Bxc5 5. e3 O-O 6. Nf3 a6 7. Be2 Be7 8. O-O
b6 9. b3 Bb7 10. Bb2 d6 11. Nd4 Nbd7 12. Bf3 Qc7 13. Bxb7 Qxb7 14. Qf3 Qxf3 15.
Nxf3 Rfd8 16. Rfd1 Rac8 17. Ne1 Nc5 18. f3 Ne8 19. Rd2 Nc7 20. Nc2 b5 21. Rad1
bxc4 22. bxc4 Ne8 23. Kf2 Nd7 24. Ba3 Rxc4 25. Ne4 Ndf6 26. Nxf6+ Bxf6 27. e4
Rdc8 28. Ne3 $11 Ra4 29. Bxd6 Nxd6 30. Rxd6 Rxa2+ 31. R1d2 Rxd2+ 32. Rxd2 a5
33. Ra2 Rc5 34. Ke2 h5 35. Kd3 Rc3+ 36. Kd2 Rc5 37. Kd3 Bc3 38. Rc2 Bb4 39.
Rxc5 Bxc5 40. Nc4 a4 41. Kc3 Kh7 42. Ne5 f6 43. Nd3 Bd6 44. f4 h4 45. h3 Kh6
46. Kd2 e5 47. f5 g6 48. fxg6 Kxg6 49. Nc1 Kg5 50. Ke3 Bc5+ 51. Kf3 Bd4 52. Na2
f5 53. Nb4 Kf6 54. Na2 Ke6 55. Nc1 fxe4+ 56. Kxe4 Kd6 57. Na2 Kc5 58. Kd3 Ba1
59. Nc1 Kb4 60. Kc2 Kc4 61. Kb1 Bd4 62. Kc2 e4 63. Ne2 Be5 64. Nc1 Kd4 65. Na2
Ke3 66. Nb4 Kf2 67. Nc6 Bf6 68. Nb4 Kxg2 69. Nd5 Bg5 70. Nc3 e3 71. Kd1 Kf1 72.
Ne2 a3 73. Nc1 a2 0-1

[Event "SG Bünde 1 - Düsseldorfer SK 2"]
[Site "NRW-Liga - Gruppe 1 2021/2022"]
[Date "2022.04.10"]
[Round "8.5"]
[White "Zimmermann, Rolf"]
[Black "Moradi Kahlou, Benjamin"]
[Result "1/2-1/2"]
[WhiteElo "2100"]
[BlackElo "1955"]
[PlyCount "69"]
[EventDate "2022.??.??"]
[SourceVersionDate "2020.03.16"]
[WhiteTeam "Düsseldorfer SK 2"]
[BlackTeam "SG Bünde 1"]

1. c4 Nf6 2. Nf3 d6 3. d4 h6 4. Nc3 Bf5 5. e3 Nbd7 6. Bd3 Bxd3 7. Qxd3 e5 8.
O-O Be7 9. b3 O-O 10. Bb2 exd4 11. Nxd4 Re8 12. Rad1 Bf8 13. Nf3 Nc5 14. Qc2 a5
15. a4 c6 16. Ba3 Qb6 17. Rb1 Na6 18. Rfd1 Nb4 19. Qf5 Rad8 20. Rd2 d5 21. cxd5
Nfxd5 22. Nxd5 Rxd5 23. Rxd5 Nxd5 24. Bxf8 Rxf8 25. Qd3 Nb4 26. Qc4 Rd8 27. Nd4
Qc7 28. Rc1 Qd6 29. h3 Rd7 30. Qc5 Qxc5 31. Rxc5 b6 32. Rc3 c5 33. Nb5 Na2 34.
Rc2 Nb4 35. Rc3 1/2-1/2

[Event "SG Bünde 1 - Düsseldorfer SK 2"]
[Site "NRW-Liga - Gruppe 1 2021/2022"]
[Date "2022.04.10"]
[Round "8.6"]
[White "Tiedemann, Mattias"]
[Black "Kesseler, Heiko"]
[Result "0-1"]
[WhiteElo "1811"]
[BlackElo "2049"]
[PlyCount "110"]
[EventDate "2022.??.??"]
[SourceVersionDate "2020.03.16"]
[WhiteTeam "SG Bünde 1"]
[BlackTeam "Düsseldorfer SK 2"]

1. c4 e5 2. Nc3 Nc6 3. g3 g6 4. Bg2 Bg7 5. a3 a5 6. d3 f5 7. e3 d6 8. Nge2 Nf6
9. O-O O-O 10. Rb1 Kh8 11. Nd5 Ne7 12. Nxf6 Bxf6 13. b4 axb4 14. axb4 c6 15.
Bb2 Be6 16. Qc2 d5 17. Rfd1 dxc4 18. dxc4 Qc7 19. Ra1 Bg7 20. Rdc1 Rfd8 21. Qc3
Rxa1 22. Bxa1 Nc8 23. c5 Bd5 24. f4 Bxg2 25. Kxg2 Ne7 26. Kf2 Nd5 27. Qb3 Nf6
28. h3 Ne4+ 29. Ke1 Qd7 30. Rd1 Qxd1+ 31. Qxd1 Rxd1+ 32. Kxd1 exf4 33. Bxg7+
Kxg7 34. Nxf4 Kf6 35. Ne2 Nf2+ 36. Kc2 Nxh3 37. Kc3 Ng5 38. Kc4 Nf7 39. Kb3 Ne5
40. Nd4 Nd7 41. Nf3 g5 42. Nd2 b5 43. Nf3 Ne5 44. Nd4 h5 45. Ne2 h4 46. gxh4
gxh4 47. Nf4 Ng4 48. Kc3 Nxe3 49. Kd3 Ng4 50. Kd4 Kf7 51. Nh3 Ke6 52. Ng5+ Kf6
53. Nh3 Ne5 54. Ke3 Ng6 55. Kd4 Ne7 0-1

[Event "SG Bünde 1 - Düsseldorfer SK 2"]
[Site "NRW-Liga - Gruppe 1 2021/2022"]
[Date "2022.04.10"]
[Round "8.7"]
[White "Heller, Harald"]
[Black "Groß, Thomas"]
[Result "1-0"]
[WhiteElo "1960"]
[BlackElo "1739"]
[PlyCount "101"]
[EventDate "2022.??.??"]
[SourceVersionDate "2020.03.16"]
[WhiteTeam "Düsseldorfer SK 2"]
[BlackTeam "SG Bünde 1"]

1. d4 Nf6 2. Nf3 g6 3. Bf4 Bg7 4. h3 O-O 5. e3 d6 6. Be2 Nbd7 7. O-O b6 8. c4
Bb7 9. Nc3 Re8 10. Bh2 Ne4 11. Nxe4 Bxe4 12. Qd2 e5 13. d5 Bxf3 14. Bxf3 a5 15.
e4 Nc5 16. Qc2 a4 17. b4 axb3 18. axb3 h5 19. b4 Nd7 20. Ra4 Nf6 21. Rfa1 Rxa4
22. Qxa4 Qd7 23. Qxd7 Nxd7 24. Ra7 Rc8 25. g4 Kf8 26. gxh5 g5 27. Bg4 Ke7 28.
Kf1 Kd8 29. Ke2 Rb8 30. Bxd7 Kxd7 31. Kf3 b5 32. c5 dxc5 33. bxc5 b4 34. Ra2 b3
35. Rb2 f6 36. Ke3 Bf8 37. Kd3 Bxc5 38. Kc4 Kd6 39. Rxb3 Rh8 40. Rf3 Rh6 41.
Bg3 Bd4 42. h4 Rxh5 43. Rxf6+ Ke7 44. Rf5 Kd6 45. Rxg5 Rh8 46. f4 Be3 47. fxe5+
Ke7 48. Rg7+ Kd8 49. d6 c5 50. e6 Bd4 51. Ra7 1-0

[Event "SG Bünde 1 - Düsseldorfer SK 2"]
[Site "NRW-Liga - Gruppe 1 2021/2022"]
[Date "2022.04.10"]
[Round "8.8"]
[White "Maiwald, Tobias"]
[Black "Werner, Jan"]
[Result "1-0"]
[WhiteElo "1582"]
[BlackElo "1982"]
[Annotator "daniel"]
[PlyCount "67"]
[EventDate "2022.??.??"]
[SourceVersionDate "2020.03.16"]
[WhiteTeam "SG Bünde 1"]
[BlackTeam "Düsseldorfer SK 2"]

1. d4 Nf6 2. c4 e6 3. Nc3 d5 4. Nf3 Nbd7 5. Bg5 c6 6. cxd5 exd5 7. g3 Be7 8. h3
O-O 9. Qc2 Ne4 10. Be3 Qa5 11. Bg2 Bb4 12. Bd2 Nxd2 13. Nxd2 Re8 14. Qd3 Nf6
15. O-O $11 g6 16. g4 Qd8 17. Rae1 b6 18. f4 a5 19. a3 Ba6 20. Qf3 Bf8 21. f5
g5 22. h4 h6 23. hxg5 hxg5 24. Kf2 Qe7 25. Rh1 Qe3+ 26. Qxe3 Nxg4+ 27. Kf3 Nxe3
28. Nde4 dxe4+ 29. Kxe3 c5 30. d5 Bg7 31. Nxe4 Bb7 32. Kf2 Bxd5 33. Nxg5 Bd4+
34. Kg3 {ZÜ} 1-0